000 00589nam a2200205 i 4500
001 31108
003 ES-MaACL
005 20230906154318.0
007 t|
008 030128s1948 ag ||||1| spa d
100 1 _aBemelmans, Ludwig.
_927395
245 1 0 _aHotel Splendide /
_cLudwig Bemelmans ; traducción de León Mirlas.
260 _aBuenos Aires :
_bEditorial Sudamericana,
_c[1948]
300 _a231 p. ;
_c19 cm.
490 1 _aHorizonte
700 1 _aMirlas, León.
_981594
830 0 _aHorizonte
_9180916
852 _aES-MaACL
_jD-5815
_bR.30197
999 _c31108
_d31108